Представление документа в формате RUSMARC

ПолеНазваниеЗначение
  Тип записи a
  Библиографический уровень m
001 Контрольный номер SKBR/36413569-8012-4374-81b2-0c6a463cfb50
005 Дата корректировки 20260409122310.7
010 Индекс ISBN __
a ISBN 978-5-17-157450-5
9 Тираж 2000 экз.
b Уточнения в пер.
035 Другие системные номера __
a Идентификатор записи RU\NLR\BIBL_A\022155274
100 Данные общей обработки __
a Данные общей обработки 20260402d2025 m y0rusy028902 ca
101 Язык документа 0_
a Язык текста rus
102 Страна публикации __
a Страна публикации RU
105 Кодированные данные (монография) __
a Кодированные данные (монография) a z 000yy
181 Поле кодированных данных: вид содержания _0
a Код вида содержания (ISBD) i
182 Поле кодированных данных: тип средства _0
a Код типа средства (ISBD) n
200 Заглавие и сведения об ответственности 1_
a Заглавие Графики, которые убеждают всех
e Сведения, относящиеся к заглавию [руководство по визуализации данных]
f Первые сведения об ответственности Александр Богачев
203 Вид содержания и тип средства __
a Вид содержания Текст
c Тип средства непосредственный
205 Сведения об издании __
a Основные сведения об издании 2-е издание
210 Выходные данные 1_
a Место издания Москва
c Издательство АСТ
d Дата издания 2025
215 Физическое описание __
a Объем 237, [1] с.
c Иллюстрации/тип воспроизводства граф.
d Формат 22 см
225 Серия 1_
a Серия Бизнес-наставник
320 Библиография __
a Библиография Библиография: с. 237
330 Аннотация __
a Аннотация Первая книга об эффективном представлении данных от русскоязычного автора. Книга рассказывает, как подготовить данные к работе, как выбрать подходящий для своих данных график или диаграмму, как грамотно оформить график, чтобы он максимально доносил ваше сообщение, как распознать ситуацию, когда статистикой пытаются манипулировать. Александр Богачев — один из ведущих в стране специалистов по визуализации данных, инфографике и дата-журналистике. Работал ведущим дизайнером в Студии инфографики сайта РИА.ру, руководителем отдела дата-спецпроектов в РБК, сотрудничал как информационный дизайнер и руководитель проектов с крупнейшими российскими компаниями. Преподает визуализацию данных в Высшей школе экономики.
333 Примечание о целевом назначении __
a Примечание о целевом назначении 12+. Для детей старше 12 лет
540 Дополнительное заглавие, сделанное каталогизатором 10
a Дополнительное заглавие, сделанное каталогизатором Руководство по визуализации данных
606 Тематические рубрики __
2 Код системы nlr_sh
a Основная рубрика Вычислительная техника
606 Тематические рубрики __
2 Код системы nlr_sh
a Основная рубрика Системы обработки численных данных
610 Ключевые слова 0_
a Ключевые слова визуализация данных
610 Ключевые слова 0_
a Ключевые слова инфографика
610 Ключевые слова 0_
a Ключевые слова создание инфографики
610 Ключевые слова 0_
a Ключевые слова графики
610 Ключевые слова 0_
a Ключевые слова создание графиков
610 Ключевые слова 0_
a Ключевые слова диаграммы
610 Ключевые слова 0_
a Ключевые слова создание диаграмм
610 Ключевые слова 0_
a Ключевые слова таблицы
610 Ключевые слова 0_
a Ключевые слова создание таблиц
610 Ключевые слова 0_
a Ключевые слова визуализация информации
686 Индексы других классификаций __
a Классификационный индекс 32.972.131
2 Код системы rubbks
700 Автор _1
a Фамилия Богачев
b Имя А. А.
g Полное личное имя Александр Андреевич
4 Код отношения 070
801 Источник записи _0
a Страна RU
b Организация NLR
c Дата составления 20240304
g Правила каталогизации PSBO
801 Источник записи _1
a Страна RU
b Организация NLR
c Дата составления 20240304
g Правила каталогизации PSBO
801 Источник записи _2
a Страна RU
b Организация NLR
c Дата составления 20240501
2 Код формата rusmarc
g Правила каталогизации PSBO
852 Данные о местонахождении __
i Авторский знак Б 73
j Шифр хранения 32.972.131
900 Макрообъекты __
a Макрообъекты Графики, которые убеждают всех. Богачев, А. А. 2025.
901 Тип документа __
a Ответственный КиК/Обаева
t Тип документа m
901 Тип документа __
a Ответственный без партии
903 Характеристики (МАРС) __
a Дата передачи 20260402
c Наименование библиотеки (МАРС) Муниципальное бюджетное учреждение культуры "Централизованная библиотечная система" г. Сургут (Центральная городская библиотека им. А. С. Пушкина)